Geography Quiz

Random Geography or Asia Quiz

Landmarks of Asia Quiz Stats

Quiz Updated Feb 13, 2018

Challenge
Share
Tweet
Embed
Score 0/20 Timer 05:00
9 Plays Today
% Correct
India
95.5%
Japan
93.9%
Taiwan
90.2%
China
88.4%
Mongolia
86.2%
Cambodia
83.5%
Jordan
78.9%
Turkey
77%
Israel
76.7%
Malaysia
76.7%
% Correct
Russia
68.3%
South Korea
66.1%
Pakistan
65.4%
Saudi Arabia
54%
Myanmar
43%
Iran
38.7%
Kyrgyzstan
38.2%
Sri Lanka
33.6%
Turkmenistan
31.2%
Azerbaijan
11.9%

You're not logged in!

Compare scores with friends on all Sporcle quizzes.
Sign Up with Email
OR
Log In

You Might Also Like...

Show Comments

Extras

Top Quizzes Today


Score Distribution

Your Account Isn't Verified!

In order to create a playlist on Sporcle, you need to verify the email address you used during registration. Go to your Sporcle Settings to finish the process.

Report this User

Report this user for behavior that violates our Community Guidelines.

Details: